[Event "IECC Swiss-444.4"]
[Site "IECC email"]
[Date "2004.01.18"]
[Round "?"]
[White "Pritchard, Owen"]
[Black "Wozniak, Zbigniew"]
[Result "0-1"]
[WhiteElo "1641"]
[BlackElo "1965"]
[PlyCount "26"]
[EventDate "2004.??.??"]
[EventType "swiss (corr)"]
[EventRounds "1"]
[SourceTitle "Corr 2020"]
[Source "ChessBase"]
[SourceDate "2019.09.30"]
[SourceVersion "1"]
[SourceVersionDate "2019.09.30"]
[SourceQuality "1"]
[WhiteTeam "New Zealand"]
[BlackTeam "Poland"]
[WhiteTeamCountry "NZL"]
[BlackTeamCountry "POL"]

1. e4 c5 2. Nf3 d6 3. Bb5+ Nd7 4. d4 Ngf6 5. Nc3 cxd4 6. Qxd4 e5 7. Qd3 h6 8. Be3 Be7 9. 0-0 0-0 10. Bc4 Nb6 11. Bb3 Be6 12. Nh4 Bxb3 13. axb3 Kh8 0-1